00743nam a22001937a 4500999001900000005001700019010001500036020003000051035001400081037000900095082001400104100002300118245006400141260005700205270011700262300002000379942002800399952012200427 c183579d18357920211229103559.0 aENG-130343 a978-93-886-89-120c499.00 aEN-113875 bDBAD a324.95404 aBhallla, Surjit S. aCitizen Raj:bIndian Elections 1952-2019/cSurjit S. Bhalla aChennaibWestland Publications Private Limitedc2019 a1st Floor, A Block, East Wing, Plot No. 40, SP Infocity, Dr MGR Salai, Perungudi, KandanchavadibChennaie600096 a222pc22cm(hbk) 2ddccENh324.95404mBHA 001040708NFICaMbMd2021-12-29eDBAD/PUBg499.00l0o324.95404 BHApEN-113875r2021-12-29 00:00:00t1v499.00yEN